Muscles of the lower leg - Statistics

General Stats
  • This quiz has been taken 67 times
  • The average score is 7 of 13
Answer Stats
Picture Answer % Correct
Gastrocnemius
86%
Tibialis anterior
82%
Soleus
80%
Tibialis Posterior
68%
Flexor Digitorum Longus
48%
Extensor Digitorum Longus
45%
Flexor Hallucis Longus
43%
Plantaris
43%
Extensor Hallucis Longus
39%
Peroneus Longus
39%
Peroneus Brevis
30%
Popliteus
30%
Peroneus Tertius
18%
No matching quizzes found
Score Distribution
Percent of People with Each Score
Percentile by Number Answered
Your Score History
You have not taken this quiz